000
00227nmm a2200097Ia 4500
008
220120s9999||||xx |||||||||||||||||und||
082
_a
00 5.133 GRE
100
_a
Greg, Buczek
245
0
_a
ASP developer's guide
260
_c
2000
999
_c
138846
_d
138846